000 00686nam a2200253Ia 4500
003 OSt
005 20221007101024.0
006 a|||||r|||| 00| 0
007 ta
008 221006b |||||||| |||| 00| 0 eng d
024 _a5,685
037 _cTextual
040 _aLCO
_cLCO
_beng
041 _2eng
_aeng
082 _aX41qN39:g, L1
100 _aBhatnagar J.P.
245 0 _aCommentaries on the Motor Vehicles Act, 1939.V2
260 _aAllahabad
_bCentral Law Agency India
_c1971
300 _a596
490 _vVol.- IIII
650 _aMOTOR VEHICLE
_9702492
942 _hX41qN39:g, L1
_cTEXL
999 _c1175248
_d1175248